| 000 | 01375nam a2200301 4500 | ||
|---|---|---|---|
| 003 | EC-UNACH | ||
| 005 | 20251031140215.0 | ||
| 006 | s||||gr|||| 00| 00 | ||
| 008 | 150116t9999 mx r gr 000 0 spa d | ||
| 020 | _aS/N | ||
| 040 |
_aEC-UNACH _cEC-UNACH |
||
| 041 | _aspa | ||
| 082 | 0 | 4 |
_223 _a338.09 _bL017925 |
| 110 | _aConsejo de estado la habana | ||
| 245 | _aLa crisis económica y social del mundo | ||
| 250 | _aPrimera edición | ||
| 264 |
_aCuba _bConsejo de estado la habana _c1983 |
||
| 300 | _a238 | ||
| 505 | _a 1- Introducción - - 2-La crisis económica y su repercusión en los países subdesarrollados - - 3- Productos básicos y otros problemas comerciales - - 4- Cuestiones monetarias y financieras - - 5- Agricultura y alimentación - - 6- Industrialización y desarrollo económico - - 7- Las empresas transnacionales - - 8- La llamada crisis energética - - 9- Cooperación entre países subdesarrollados - - 10- La calidad de la vida en el mundo subdesarrollado - - 11- Armamentismo y desarrollo - - | ||
| 650 | _aEVALUACIÓN GENERAL DE LA COYUNTURA | ||
| 650 | _aLA CRISIS EN LOS PAISES CAPITALISTAS DESARROLLADOS | ||
| 650 | _aLA CRISIS EN LOS PAISES SUBDESARROLLADOS | ||
| 700 | _aFidel Castro | ||
| 942 |
_2ddc _c1 |
||
| 999 | _c14137 | ||